La educación de la primera infancia en Chile: el desafío de una política de Estado

Guardat en:
Dades bibliogràfiques
Autors principals: San Miguel Bertrán, Javier (Autor), Lavados Montes, Jaime (Autor), Lérida M., Soledad López de (Autor), Larraguibel González, Fernando (Autor), Fuenzalida Fernández, Valerio (Autor), Blanco Guijarro, Rosa (Autor), Dussaillant L., Francisca (Autor), González S., Pablo (Autor), Peralta Espinosa, María Victoria (Autor)
Altres autors: Milicic Müller, Neva (autora), Reveco Vergara, Ofelia (autora)
Format: Llibre
Idioma:espanyol
Publicat: Santiago Corporación de Promoción Universitaria 2012
Col·lecció:Estudios Sociales, 120
Matèries:
Etiquetes: Afegir etiqueta
Sense etiquetes, Sigues el primer a etiquetar aquest registre!

MARC

LEADER 00000cam a2200000 a 4500
001 UCF6829
003 CL-VaPUC
008 130524e20120000CL |||||||||||||||||spa|d
020 |a 07160321 
082 0 4 |a 379.8  |b SAN  |2 21 
100 0 |a San Miguel Bertrán, Javier  |e author  |9 568828 
700 |a Lavados Montes, Jaime  |e author  |9 617246 
700 |a Milicic Müller, Neva  |e autora  |9 591309 
700 0 |a Lérida M., Soledad López de  |e author  |9 568831 
700 |a Larraguibel González, Fernando  |e author  |9 568832 
700 0 |a Fuenzalida Fernández, Valerio  |e author  |9 568833 
700 0 |a Blanco Guijarro, Rosa  |e author  |9 568834 
700 0 |a Dussaillant L., Francisca  |e author  |9 568835 
700 0 |a González S., Pablo  |e author  |9 568836 
700 |a Reveco Vergara, Ofelia  |e autora  |9 568837 
700 0 |a Peralta Espinosa, María Victoria  |e author  |9 568838 
245 1 3 |a La educación de la primera infancia en Chile: el desafío de una política de Estado 
300 |a 280 p 
942 |c BK 
945 |d 20130524 00:00:00  |a dcastane 
260 |a Santiago  |b Corporación de Promoción Universitaria  |c 2012 
650 0 |a Política educacional  |9 308011 
650 0 |a Planificación de la educación   |9 307333 
650 0 |a Estado y educación   |9 311264 
583 |a last modification  |c 20130524 08:39:00  |k Rodrigo Vera 
490 0 |a Estudios Sociales, 120 
999 |c 351884  |d 351882 
952 |0 0  |1 0  |4 0  |6 379_800000000000000_SAN_2012  |7 0  |8 A  |9 456282  |a BIBEDU  |b BIBEDU  |d 2019-11-22  |i 4972198  |o 379.8 SAN 2012  |p 4972198  |r 2019-11-22  |w 2019-11-22  |y BK  |k PAR 
952 |0 0  |1 0  |4 0  |6 379_800000000000000_SAN_2012  |7 0  |8 A  |9 456283  |a BIBEDU  |b BIBEDU  |d 2019-11-22  |i 4972201  |o 379.8 SAN 2012  |p 4972201  |r 2019-11-22  |w 2019-11-22  |y BK  |k PAR 
952 |0 0  |1 0  |4 0  |6 379_800000000000000_SAN_2012  |7 0  |8 A  |9 456284  |a BIBEDU  |b BIBEDU  |d 2019-11-22  |i 497221K  |o 379.8 SAN 2012  |p 497221K  |r 2019-11-22  |w 2019-11-22  |y BK  |k PAR 
952 |0 0  |1 0  |3 erb  |4 0  |6 379_800000000000000_SAN_2012  |7 0  |8 A  |9 456285  |a BIBEDU  |b BIBEDU  |d 2019-11-22  |i 5023815  |o 379.8 SAN 2012  |p 5023815  |r 2019-11-22  |w 2019-11-22  |y BK  |z Catalogado en:20131025  |k PAR 
952 |0 0  |1 0  |3 erb  |4 0  |6 379_800000000000000_SAN_2012  |7 0  |8 A  |9 456286  |a BIBEDU  |b BIBEDU  |d 2019-11-22  |i 5023823  |o 379.8 SAN 2012  |p 5023823  |r 2019-11-22  |w 2019-11-22  |y BK  |z Catalogado en:20131025  |k PAR 
952 |0 0  |1 0  |3 erb  |4 0  |6 379_800000000000000_SAN_2012  |7 0  |8 A  |9 456287  |a BIBEDU  |b BIBEDU  |d 2019-11-22  |i 5023831  |o 379.8 SAN 2012  |p 5023831  |r 2019-11-22  |w 2019-11-22  |y BK  |z Catalogado en:20131025  |k PAR 
952 |0 0  |1 0  |3 erb  |4 0  |6 379_800000000000000_SAN_2012  |7 0  |8 A  |9 456288  |a BIBEDU  |b BIBEDU  |d 2019-11-22  |i 502384K  |o 379.8 SAN 2012  |p 502384K  |r 2019-11-22  |w 2019-11-22  |y BK  |z Catalogado en:20131025  |k PAR